000 01086nam a2200325 i 4500
003 EG-GICUC
005 20260209093835.0
008 260209s1923 -ukad||fr|||| 001 0 eng d
040 _aEG-GiCUC
_beng
_cEG-GiCUC
_dEG-GiCUC
_erda
041 0 _aeng
082 0 4 _221
_a341.65
_bDU . L
092 0 4 _221
099 _aLaw1 11 341.65 DU . L 1923
100 1 _aDumas , Samuel
_eAuthor.
245 1 2 _aLosses Of Life Caused By War /
_cBy Samuel Dumas, And K. O. Vedel-petersen; Edited By Harald Westergaard.
264 1 _aLondon :
_bOxfordAt The Clarendon Press,
_c1923.
300 _a191 pages,
_c24 cm
336 _2rda content
_atext
337 _2rda media
_aComputer
338 _2rda carrier
_aOnline Resource
504 _aIncludes bibliographical references and index.
504 _a
546 _aText in English
650 1 4 _aPublic international law
700 1 _aWestergaard, Harald
_eeditor.
700 1 _aVedel-petersen, K. O
_ejoint author.
856 4 0 _uhttps://fll.law.cu.edu.eg/fulltext/bks/B11-07349.pdf
905 _a48
942 _2ddc
_cBK
_e21
_n0
999 _c61730
_d61730